All Chevrolet Models - Statistics

General Stats
  • This quiz has been taken 39 times
  • The average score is 64 of 284
Answer Stats
Hint Answer % Correct
c C/K
100%
c Camaro
96%
c Corvette
92%
s Silverado
88%
i Impala
81%
m Malibu
77%
e Equinox
73%
s Suburban
73%
t Tahoe
73%
b Blazer
65%
t TrailBlazer
65%
b BelAir
62%
c Chevelle
62%
c Colorado
62%
s Spark
62%
v Volt
62%
c Cruze
58%
e ElCamino
58%
a Astro
54%
c Caprice
54%
c Corvair
54%
b Bolt
50%
c/n ChevyII/Nova
50%
n Nova
50%
s SS
50%
t Trax
50%
c Cavalier
46%
c Chevette
46%
m MonteCarlo
46%
t Traverse
46%
# 150
42%
l Lumina
42%
s S10
42%
s Sonic
42%
h HHR
38%
c Celebrity
31%
c Cobalt
31%
c Corsica
31%
s SSR
31%
a Avalanche
27%
b Biscayne
27%
c C10
27%
c Citation
27%
l LuminaAPV
27%
u Uplander
27%
b Beretta
23%
t Tracker
23%
v Venture
23%
# 210
19%
# 2500
19%
# 400
19%
# 500
19%
c Captiva
19%
c Chevy
19%
l LUV
19%
m Metro
19%
m Monza
19%
p Prizm
19%
v Vega
19%
c C20
15%
c Corsa
15%
k K5Blazer
15%
s Spectrum
15%
v Van
15%
a Alero
12%
b Bison
12%
b BlazerEV
12%
b Brookwood
12%
c ChevelleLaguna
12%
g GMT400
12%
g Groove
12%
k Kingswood
12%
k Kodiak
12%
m Montana
12%
n N300
12%
n Nomad
12%
o Onix
12%
o Optra
12%
o Orlando
12%
s S10Blazer
12%
s Sail
12%
s SilveradoEV
12%
s Spin
12%
s Sprint
12%
t TaskForce
12%
t Townsman
12%
# 1700
8%
# 3800
8%
a Agile
8%
a AK
8%
a Apache
8%
b BoltEUV
8%
b Bruin
8%
c Calibra
8%
c Celta
8%
c Chevair
8%
c ChevyII
8%
c CityExpress
8%
d Deluxe
8%
d DMax
8%
f Fleetmaster
8%
f Forester
8%
g Gemini
8%
g Greenbrier
8%
m Meriva
8%
o Omega
8%
s Senator
8%
s SilveradoHD
8%
s Special
8%
# 4100
4%
# 454SS
4%
a A10
4%
a A20
4%
a Advance
4%
b Beauville
4%
c CaptivaSport
4%
c Cassia
4%
c CMV
4%
c CobaltSS
4%
c Commodore
4%
c Corvan
4%
d D10
4%
d D20
4%
d Damas
4%
d Delray
4%
e Epica
4%
e EquinoxEV
4%
e Evanda
4%
j Joy
4%
k Kadett
4%
k Kalos
4%
k KingswoodEstate
4%
l Lanos
4%
l LightSix
4%
l Lova
4%
m Marajó
4%
m Master
4%
m Matiz
4%
n Nubira
4%
o Opala
4%
s SeriesF
4%
s Standard
4%
s Stylemaster
4%
s Superior
4%
t Tigra
4%
t Tosca
4%
t Trafic
4%
v Vectra
4%
Veraneio
4%
y Yeoman
4%
z Zafira
4%
a ADesign
0%
a AKSeries
0%
b/h BabyGrand/H4
0%
b BSeries
0%
c Cameo
0%
c CapricePPV
0%
c CMP
0%
c ConfederateSeries
0%
c Constantia
0%
c CorsaClassic
0%
c CorsaPlus
0%
e Eagle
0%
f FASeries
0%
f FBSeries
0%
f Fleetline
0%
f Frontera
0%
g G506
0%
g Gseries
0%
i IndependenceSeries
0%
i InternationalSeries
0%
k Kommando
0%
l Lakewood
0%
l LovaRV
0%
m Mercury
0%
n NationalSeries
0%
o OptraWagon
0%
p Parkwood
0%
p PrismaMk.II
0%
r Rezzo
0%
r Rodeo
0%
s S10EV
0%
s Series490
0%
s SeriesAACapitol
0%
s SeriesABNational
0%
s SeriesACInternational
0%
s SeriesCClassicSix
0%
s SeriesD
0%
s SeriesFA
0%
s SeriesFB
0%
s SeriesH
0%
s SeriesMCopperCooled
0%
s SilveradoLD
0%
s SilveradoLTD
0%
s SparkLS
0%
s Styleline
0%
s SuperiorSeriesB
0%
s SuperiorSeriesF
0%
s SuperiorSeriesK
0%
s SuperiorSeriesV
0%
s Swift
0%
t Tacuma
0%
t TaskForceSeries
0%
t Titan
0%
t TransSport
0%
u UniversalSeries
0%
v Vitara
0%
v Viva
0%
v Vivant
0%
No matching quizzes found
Score Distribution
Percent of People with Each Score
Percentile by Number Answered
Your Score History
You have not taken this quiz